Guía para desarrollar una estrategia de biodiversidad desde una perspectiva de desarrollo sostenible (Registro nro. 2174)

Detalles MARC
000 -CABECERA
Campo de control 00895nam a2200241 a 4500
005 - FECHA Y HORA DE LA ULTIMA TRANSACCION
Campo de control 20200104041529.0
008 - ELEMENTOS DE LONGITUD FIJA—INFORMACION GENERAL
Campo de control 140304s2000 -cna fr|||| 000 0 eng d
040 ## - FUENTE DE CATALOGACIÓN
Agencia catalogadora original CO-BoIAVH
Agencia transcriptora CO-BoIAVH
041 0# - IDIOMA
Código de idioma para texto/pista de sonido o título separado Español
044 ## - PAÍS DE PUBLICACIÓN
País de publicación Canadá
082 04 - NUMERO DE CLASIFICACION DECIMAL DEWEY
Número de clasificación 338.9
Número del ítem P92g
100 1# - ASIENTO PRINCIPAL--NOMBRE PERSONAL
Nombre personal Prescott, Jacques
9 (RLIN) 14868
245 10 - MENCION DE TITULO
Título Guía para desarrollar una estrategia de biodiversidad desde una perspectiva de desarrollo sostenible
260 ## - PUBLICACION, DISTRIBUCION, ETC. (PIE DE IMPRENTA)
Lugar de publicación, distribución, etc. Quebec :
Nombre del editor, distribuidor, etc. IEPF :
-- PNUD :
-- PNUMA :
-- Ministére de I'Environnement du Québec,
Fecha de publicación, distribución, etc. 2000.
300 ## - DESCRIPCION FISICA
Extensión 70 páginas :
Otros detalles físicos Ilustraciones ;
Dimensiones 28 x 22 cm.
504 ## - NOTA DE BIBLIOGRAFIA, ETC.
Nota de bibliografía Incluye referencia bibliográficas, páginas 69 y 70.
650 16 - ASIENTO SECUNDARIO DE MATERIA - TERMINO TEMATICO
Término temático o nombre geográfico como elemento de entrada Desarrollo sostenible
9 (RLIN) 278
650 26 - ASIENTO SECUNDARIO DE MATERIA - TERMINO TEMATICO
Término temático o nombre geográfico como elemento de entrada Estrategias nacionales de biodiversidad
9 (RLIN) 3646
650 26 - ASIENTO SECUNDARIO DE MATERIA - TERMINO TEMATICO
Término temático o nombre geográfico como elemento de entrada Manual de métodos
9 (RLIN) 8566
700 1# - ASIENTO SECUNDARIO - NOMBRE PERSONAL
Nombre personal Gauthier, Benoit
9 (RLIN) 14870
700 1# - ASIENTO SECUNDARIO - NOMBRE PERSONAL
Nombre personal Mbongu Sodi, Jonas Nagahuedi
9 (RLIN) 14871
942 ## - ELEMENTOS ADICIONALES (KOHA)
Tipo de ítem Libro
Sistema de clasificación Dewey Decimal Classification
Existencias
Withdrawn status Lost status Sistema de Clasificación Damaged status No para préstamo Colección Inventariado Ubicación Permanente Ubicación actual Fecha de adquisición Fuente de Valor Valor Total Checkouts Número topográfico Inventario / Código de Barras Date last seen Ejemplar Price effective from Forma de adquisición Tipo de material
    Dewey Decimal Classification     General Inventariado 2017 Bogotá Bogotá 17/04/2001 Instituto 39000.00   LB-338.9 P92g 002746 04/12/2012 Ej. 1 04/12/2012   Libro
    Dewey Decimal Classification     General Inventariado 2017 Sala Fabio Quevedo Sala Fabio Quevedo 19/08/2004 Instituto 39000.00   LB-338.9 P92g 016502 04/12/2012 Ej. 2 04/12/2012   Libro